| 000 | 01527nam a2200457 i 4500 | ||
|---|---|---|---|
| 001 | 31122 | ||
| 003 | KOSZ 005 | ||
| 005 | 20210909112730.0 | ||
| 008 | 970612s1989 pl a |000 0 pol | ||
| 015 | _aUWD 1991/1147 | ||
| 035 | _a991001670349705066 | ||
| 035 | _a(PL-WaBN)b10472770-48omnis_nlop | ||
| 035 | _ab10472770 | ||
| 035 | _a(OCoLC)804370184 | ||
| 035 | _a(PL)b0000001047277 | ||
| 035 | _a(EXLNZ-48OMNIS_NETWORK)9910053257405606 | ||
| 040 |
_aWA N _cWA N _dKOSZ 005/HR |
||
| 046 | _k1989 | ||
| 080 | _a7.05(480) | ||
| 080 | _a(02.025.2) | ||
| 100 | 1 |
_aLewińska, Aleksandra _eAutor |
|
| 245 | 1 | 0 |
_aDrogi do fińskiego wzornictwa / _cAleksandra Lewińska ; Instytut Wzornictwa Przemysłowego Warszawa. |
| 260 |
_aWarszawa : _bIWP, _c1989. |
||
| 300 |
_a72 s. : _bfot. ; _c22 cm. |
||
| 336 |
_aTekst _btxt _2rdacontent |
||
| 337 |
_aBez urządzenia pośredniczącego _bn _2rdamedia |
||
| 338 |
_aWolumin _bnc _2rdacarrier |
||
| 380 | _aKsiążki | ||
| 388 | _a1901-2000 | ||
| 388 | _a1989-2000 | ||
| 490 | 1 |
_aBiblioteka Wzornictwa, _x0860-4320 ; _v13 |
|
| 504 | _aBibliogr. s. 72. | ||
| 650 | 7 |
_aWzornictwo przemysłowe _2DBN |
|
| 651 | 7 | _aFinlandia | |
| 658 | _aKultura i sztuka | ||
| 710 | 2 | _aInstytut Wzornictwa Przemysłowego | |
| 830 | 0 |
_aBiblioteka Wzornictwa _v13 |
|
| 856 |
_uhttp://koha.tu.koszalin.pl/cgi-bin/koha/opac-detail.pl?biblionumber=31122 _yKatalog online BPK |
||
| 942 |
_2UKD _cKS |
||
| 999 |
_c31122 _d31122 |
||